000 00937cam a22002774a 4500
001 13632688
005 20180207073853.0
008 040622s2005 cauab b 001 0 eng
010 _a 2004014537
020 _a0787969583 (alk. paper)
035 _a(DNLM)101222817
040 _aDNLM/DLC
_cDLC
_dDLC
041 _aeng
042 _apcc
043 _an-us---
060 1 0 _aWA 300
_bS555v 2005
080 _a362.108./9420973 shi
082 0 0 _a362.108./9420973 shi
_222
100 1 _a49
101 _asoc
245 1 0 _aVulnerable populations in the United States /
_cLeiyu Shi, Gregory D. Stevens.
504 _aIncludes bibliographical references (p. 273-296) and indexes.
906 _a7
_bcbc
_corignew
_d1
_eecip
_f20
_gy-gencatlg
942 _2ddc
_cBK
999 _c42019
_d42019